000
00260nam a2200109Ia 4500
008
200302s9999 xx 000 0 und d
100
_a
Julien De Smedt
245
_a
Pixl To XL-- 23
260
_b
Suh Kyong Won Publishers,Korea
260
_c
2007
300
_a
253 P
999
_c
4806
_d
4806